| 000 | 01899cam a2200397 a 4500 | ||
|---|---|---|---|
| 001 | 2807 | ||
| 005 | 20240116091054.0 | ||
| 020 | _a9780545425186 (pbk.) | ||
| 020 | _a0545425182 | ||
| 040 |
_aBTCTA _beng _cBTCTA _dBDX _dCLE _dJHY _dMCW _dDLC |
||
| 050 | 0 | 0 |
_aCT3260 _b.W58 2012 |
| 082 | 0 | 4 | _a920 |
| 100 | 1 | _aWishinsky, Frieda | |
| 245 | 1 | 0 |
_aFreedom heroines : _bSusan B. Anthony, Elizabeth Cady Stanton, Jane Addams, Ida B. Wells, Alice Paul, Rosa Parks / _cby Frieda Wishinsky. |
| 250 | _aFirst edition, December 2012 | ||
| 260 |
_aNew York : _bScholastic, _c2012 |
||
| 300 |
_a144 pages : _billustrations ; _c20 cm |
||
| 490 | 1 | _aProfiles. One movement, six bios | |
| 500 | _aSeries information from cover. | ||
| 500 | _a"Profiles. One event, six bios"--T.p. | ||
| 505 | _aZ | ||
| 520 | _aProfiles is so much more than just your typical biography series. The next book in this six-in-one, full-color bio series will focus on Civil Champions--some of the incredible women who worked tirelessly to ensure equal rights for all. Kids will learn all of the biographical information they need to know--background, family, education, accomplishments, etc., about: Susan B. Anthony, Elizabeth Cady Stanton, Ida B. Wells, Alice Paul, Rosa Parks, and Jane Addams. | ||
| 521 |
_a970 _bLexile |
||
| 521 |
_aZ _bRaz-Plus |
||
| 650 | 0 |
_aFeminists _zUnited States _vBiography _vJuvenile literature. |
|
| 650 | 0 |
_aSuffragists _zUnited States _vBiography _vJuvenile literature. |
|
| 650 | 0 |
_aAfrican American women civil rights workers _vBiography _vJuvenile literature. |
|
| 650 | 0 |
_aCivil rights workers _zUnited States _vBiography _vJuvenile literature. |
|
| 650 | 1 | _aFeminists. | |
| 650 | 1 | _aSuffragists. | |
| 650 | 1 | _aCivil rights workers. | |
| 650 | 1 |
_aWomen _vBiography. |
|
| 650 | 1 |
_aAfrican Americans _vBiography. |
|
| 906 |
_a7 _bcbc _ccopycat _d2 _encip _f20 _gy-gencatlg |
||
| 942 |
_2ddc _cBK _n0 |
||
| 999 |
_c2807 _d2807 |
||